000 01059nam a22002177a 4500
999 _c17120
_d17120
005 20251125232853.0
008 s2528 th tha d
040 _aNALT
041 _atha
245 1 0 _aระเบียบสำนักนายกรัฐมนตรีว่าด้วยการพัสดุ พ.ศ. 2528
260 3 _aกรุงเทพฯ :
_bสูตรไพศาล,
_c2528
300 _a155 หน้า :
_b ตาราง ;
_c 26 ซม.
650 0 4 _aพัสดุ (ระเบียบ) -- 2521 -- แก้ไขเพิ่มเติม (ฉบับที่ 2) -- 2523
650 0 4 _aพัสดุ (ระเบียบ) -- 2521 -- แก้ไขเพิ่มเติม (ฉบับที่ 3) -- 2526
650 0 4 _aสัญญา -- แบบตัวอย่าง
850 _aNALT
856 4 0 _uhttps://hdl.handle.net/20.500.14156/465503
_71
942 _cLB
_2lcc
998 _j25
_k นีลวัสน์ อินทรักษา
090 _aKE54 ส886ร 2528